Historia y ciencias sociales 2º medio: guía didáctica para el profesor

Zapisane w:
Opis bibliograficzny
Główni autorzy: Milos Hurtado, Pedro (autor), Almeyda Hidalgo, Liliam (Autor), Whipple Morán, Pablo (Autor), Rivera Aravena, Carla (Autor), Castro Palacios, Guillermo (Autor)
Format: Książka
Język:hiszpański
Wydane: Santiago MN 2009
Wydanie:1a. ed
Hasła przedmiotowe:
Etykiety: Dodaj etykietę
Nie ma etykietki, Dołącz pierwszą etykiete!

MARC

LEADER 00000nam a2200000 a 4500
001 UCG3792
003 CL-VaPUC
008 100916e20090100CL |||||||||||||||||spa|d
020 |a 9789562942478 
082 0 4 |a 900.712  |b MIL  |2 21 
100 |a Milos Hurtado, Pedro  |e autor  |9 588895 
700 0 |a Almeyda Hidalgo, Liliam  |e author  |9 553069 
700 0 |a Whipple Morán, Pablo  |e author  |9 553070 
700 0 |a Rivera Aravena, Carla  |e author  |9 553071 
700 0 |a Castro Palacios, Guillermo  |e author  |9 553072 
245 1 0 |a Historia y ciencias sociales 2º medio: guía didáctica para el profesor 
250 |a 1a. ed 
300 |a 288 p 
942 |c BK 
945 |d 20100916 00:00:00  |a mfarfan 
260 |a Santiago  |b MN  |c 2009 
650 0 |a Historia universal  |9 266877 
650 0 |a Ciencias sociales   |9 256351 
650 0 |a Libros de texto  |9 270019 
583 |a last modification  |c 20171207 01:11:04  |k Rodrigo Vera 
999 |c 342775  |d 342773 
952 |0 0  |1 0  |4 0  |6 900_712000000000000_MIL_2009  |7 0  |8 A  |9 439277  |a BIBHIS  |b BIBHIS  |d 2019-11-22  |i 4715470  |o 900.712 MIL 2009  |p 4715470  |r 2025-01-20  |w 2019-11-22  |y BK  |k HIS 
952 |0 0  |1 0  |4 0  |6 900_712000000000000_MIL_2009  |7 0  |8 A  |9 439278  |a BIBHIS  |b BIBHIS  |d 2019-11-22  |i 4715489  |o 900.712 MIL 2009  |p 4715489  |r 2025-01-20  |w 2019-11-22  |y BK  |k HIS 
952 |0 0  |1 0  |4 0  |6 900_712000000000000_MIL_2009  |7 0  |8 A  |9 439279  |a BIBHIS  |b BIBHIS  |d 2019-11-22  |i 4715497  |o 900.712 MIL 2009  |p 4715497  |r 2025-01-20  |w 2019-11-22  |y BK  |k HIS 
952 |0 0  |1 0  |4 0  |6 900_712000000000000_MIL_2009  |7 0  |8 A  |9 439280  |a BIBHIS  |b BIBHIS  |d 2019-11-22  |i 4715500  |o 900.712 MIL 2009  |p 4715500  |r 2025-01-20  |w 2019-11-22  |y BK  |k HIS 
952 |0 0  |1 0  |4 0  |6 900_712000000000000_MIL_2009  |7 0  |8 A  |9 439281  |a BIBHIS  |b BIBHIS  |d 2019-11-22  |i 4715462  |o 900.712 MIL 2009  |p 4715462  |r 2025-01-20  |w 2019-11-22  |y BK  |k HIS